Algunas características de la población de Guatemala 1964: resultados de tabulación manual

Principales características de la población de Guatemala durante 1964 - Contiene información sobre distribución de la población por municipio, población grupos de edad, grupo étnico, educación, numero de viviendas, habitantes po kilómetro cuadrado y otros

Uloženo v:
Podrobná bibliografie
Korporativní autor: Guatemala. Ministerio de Economía. Dirección General de Estadística
Médium: Text
Vydáno: Guatemala
Tagy: Přidat tag
Žádné tagy, Buďte první, kdo vytvoří štítek k tomuto záznamu!

MARC

LEADER 00000 a a2200000 04500
001 20725
003
040
090 |a 088100  
110 |a Guatemala. Ministerio de Economía. Dirección General de Estadística  
245 |a Algunas características de la población de Guatemala 1964: resultados de tabulación manual  
260 |a Guatemala  
300 |a 56 p.  
520 |a Principales características de la población de Guatemala durante 1964 - Contiene información sobre distribución de la población por municipio, población grupos de edad, grupo étnico, educación, numero de viviendas, habitantes po kilómetro cuadrado y otros  
999 |c 15327  |d 15327